ბათუმის შოთა რუსთაველის სახელმწიფო უნივერსიტეტის ბიბლიოთეკა

სამშენებლო ტერმინების მოკლე განმარტებითი ლექსიკონი / (ბიბ.ჩანაწერი № 62134)

000 -ლიდერი
ფიქსირებული სიგრძის საკონტროლო ველი 01704nam a22002537a 4500
003 - საკონტროლო ნომრის იდენტიფიკატორი
საკონტროლო ველი Ge_BSU
005 - ბოლო ოპერაციის თარიღი და დრო
საკონტროლო ველი 20240719112225.0
008 - ფიქსირებული სიგრძის მონაცემთა ელემენტები - ზოგადი ინფორმაცია
ფიქსირებული სიგრძის საკონტროლო ველი 240719s2023 ge ||||| |||| 00| 0 geo d
020 ## - წიგნის საერთაშორისო სტანდარტული ნომერი
International Standard Book Number 9789941289491
041 ## - ენის კოდი
Language code of text/sound track or separate title geo
080 ## - უნივერსალური ათობითი კლასიფიკაციის ინდექსი
Universal Decimal Classification number 69(038):81'374.26:69=353.1 გ-44
100 ## - მთავარი ჩანაწერი - პიროვნების სახელი
Personal name გვიშიანი, ზურაბ.
Relator term ავტორი.
9 (RLIN) 21018
245 ## - ცნობა სათაურის შესახებ
Title სამშენებლო ტერმინების მოკლე განმარტებითი ლექსიკონი /
Statement of responsibility, etc ზურაბ გვიშიანი, თამაზ ხმელიძე ; სამეცნიერო რედაქტორი მერაბ ნიკოლაიშვილი ;
264 ## - წარმოების, გამოცემის, დისტრიბუციის და სხვა ცნობები
გამოცემის, წარმოების, დისტრიბუციის... ადგილი თბილისი :
გამოცემის, წარმოების, დისტრიბუციის... სახელწოდება ტექნიკური უნივერსიტეტი,
გამოცემის, წარმოების, დისტრიბუციის... თარიღი 2023.
300 ## - ფიზიკური აღწერა
Extent 222 გვ. ;
Other physical details 24 სმ.
504 ## - BIBLIOGRAPHY, ETC. NOTE
Bibliography, etc ბიბლიოგრაფია: გვ. 220-221.
546 ## - LANGUAGE NOTE
Language note თავფურცლის მე-3 გვერდი ინგლისურ ენაზე.
653 ## - INDEX TERM--UNCONTROLLED
Uncontrolled term სამშენებლო საქმე -- ლექსიკონები.
700 ## - ADDED ENTRY--PERSONAL NAME
Personal name ხმელიძე, თამაზ
Relator term ავტორი
9 (RLIN) 22882
700 ## - ADDED ENTRY--PERSONAL NAME
Personal name ნიკოლაიშვილი, მერაბ
Relator term სამეცნიერო რედაქტორი.
9 (RLIN) 21020
711 ## - ADDED ENTRY--MEETING NAME
Meeting name or jurisdiction name as entry element საქართველოს ტექნიკური უნივერსიტეტი.
9 (RLIN) 22883
856 ## - ELECTRONIC LOCATION AND ACCESS
Uniform Resource Identifier https://dspace.nplg.gov.ge/bitstream/1234/451647/1/SamshenebloTerminebisMokleGanmartebitiLeqsikoni.pdf
Link text ელექტრონული ვერსია
942 ## - ADDED ENTRY ELEMENTS (KOHA)
Source of classification or shelving scheme
Koha item type წიგნი
ეგზემპლარები
ჩამოწერის სტატუსი დაკარგული ეგზემპლარის სტატუსი კლასიფიკაციის წყარო ან თაროზე გაწყობის სქემა დაზიანების სტატუსი არ გაიცემა მუდმივი მდებარეობა (დაცვის ადგილი) ამჟამინდელი ადგილსამყოფელი თაროზე განთავსების ადგილი შეძენის თარიღი ღირებულება, შესყიდვის ნორმალური ფასი სრული შენახვის შიფრი შტრიხკოდი ბოლო ოპერაციის თარიღი ეგზემპლარის მიმდევრობითი ნომერი (კეტერი?) ფასის ძალაში შესვლის თარიღი ეგზემპლარის სახეობა საჯარო შენიშვნა
          ტექნოლოგიური ფაკულტეტის ბიბლიოთეკა ტექნოლოგიური ფაკულტეტის ბიბლიოთეკა წიგნსაცავი 2024-07-19 28.00 69(038):81'374.26:69=353.1 გ-44 68784 2024-07-19 68784 2024-07-19 წიგნი 28.00
          ტექნოლოგიური ფაკულტეტის ბიბლიოთეკა ტექნოლოგიური ფაკულტეტის ბიბლიოთეკა წიგნსაცავი 2024-07-19 28.00 69(038):81'374.26:69=353.1 გ-44 68785 2024-07-19 68785 2024-07-19 წიგნი 28.00
          ტექნოლოგიური ფაკულტეტის ბიბლიოთეკა ტექნოლოგიური ფაკულტეტის ბიბლიოთეკა წიგნსაცავი 2024-07-19 28.00 69(038):81'374.26:69=353.1 გ-44 68786 2024-07-19 68786 2024-07-19 წიგნი 28.00